<?xml version="1.0" encoding="UTF-8"?><collection xmlns="info:lc/xmlns/marcxchange-v2"><record format="Unimarc" type="bibliographic"><leader>00867nam  2200241   450 </leader><controlfield tag="001">2539561</controlfield><controlfield tag="003">http://id.bnportugal.gov.pt/bib/porbase/2539561</controlfield><controlfield tag="005">20080812155706.0</controlfield><datafield ind1=" " ind2=" " tag="010"><subfield code="a">0-300-04144-6</subfield></datafield><datafield ind1=" " ind2=" " tag="035"><subfield code="a">cmlcfp002_bc.iso/01-03-2013/656</subfield></datafield><datafield ind1=" " ind2=" " tag="035"><subfield code="a">0000657</subfield></datafield><datafield ind1=" " ind2=" " tag="100"><subfield code="a">19931107d1988    k  y0pory0103    ba</subfield></datafield><datafield ind1="1" ind2=" " tag="101"><subfield code="a">eng</subfield></datafield><datafield ind1=" " ind2=" " tag="102"><subfield code="a">GB</subfield></datafield><datafield ind1="1" ind2=" " tag="200"><subfield code="a">&lt;The &gt;"Golden" Twenties</subfield><subfield code="e">art and literature in the Weimar Republic</subfield><subfield code="f">Barbel Schrader, Jurgen Schebera</subfield><subfield code="g">translated by Katherine Vanovitch</subfield></datafield><datafield ind1=" " ind2=" " tag="210"><subfield code="a">New Haven</subfield><subfield code="a">London</subfield><subfield code="c">Yale University</subfield><subfield code="d">1988</subfield></datafield><datafield ind1=" " ind2=" " tag="215"><subfield code="a">271 p.</subfield><subfield code="c">il.</subfield><subfield code="d">28 cm</subfield></datafield><datafield ind1=" " ind2=" " tag="320"><subfield code="a">Selected Bibliography : p. 259-262</subfield></datafield><datafield ind1=" " ind2=" " tag="675"><subfield code="a">7.036/.037(430)</subfield><subfield code="v">BN</subfield><subfield code="z">por</subfield></datafield><datafield ind1=" " ind2=" " tag="675"><subfield code="a">830.015.19</subfield><subfield code="v">BN</subfield><subfield code="z">por</subfield></datafield><datafield ind1=" " ind2="1" tag="700"><subfield code="a">Schrader</subfield><subfield code="b">Barbel</subfield><subfield code="f">-</subfield></datafield><datafield ind1=" " ind2="1" tag="701"><subfield code="a">Schebera</subfield><subfield code="b">Jurgen</subfield><subfield code="f">-</subfield><subfield code="4">070</subfield></datafield><datafield ind1=" " ind2="1" tag="702"><subfield code="a">Vanovitch</subfield><subfield code="b">Katherine</subfield><subfield code="f">-</subfield><subfield code="4">730</subfield></datafield><datafield ind1=" " ind2="0" tag="801"><subfield code="a">PT</subfield><subfield code="b">CMLCFP</subfield><subfield code="g">RPC</subfield></datafield></record></collection>